000 00705nam a2200229Ia 4500
001 16758
003 GE_BSU
008 181216s||||||||xx |||||||||||||| ||und||
040 _cGE_BSU
080 _a82-93:821.161.1-3
100 _aფურმანოვი, დ.
245 _aჩაპაევი
245 _bმოთხრობა ბავშვთათვის
245 _cრედ.ბ.ნანიტაშვული
260 _aთბილისი
260 _bსაბლიტგამი
260 _c1957
300 _a296გვ. ; 22სმ
653 _aმოთხრობა ბავშვთათვის
653 _aჩაპაევი
942 _cBK
999 _c49823
_d49823